000 00275nam a22001217a 4500
008 171023b xxu||||| |||| 00| 0 eng d
041 _aeng
080 _a338
100 _a54
101 _aMO
245 _aGREENHOUSE OPERATION AND MANAGEMENT
_cNELSON, P.V
942 _2udc
_cBK
999 _c35473
_d35473